|
|
|
|
| LEADER |
01669nam a2200277 a 4500 |
| 001 |
GR-Antirio1005 |
| 008 |
140617s2007 ne g 000 0 eng d |
| 020 |
|
|
|a 0750667885
|
| 020 |
|
|
|a 9780750667883
|
| 040 |
|
|
|a GrPaTEI
|b gre
|c GR-PaULI
|
| 040 |
|
|
|a GrPaTEI
|b gre
|c GR-PaULI
|
| 082 |
|
0 |
|a 621.384
|2 22
|
| 100 |
1 |
|
|a Rackley, Steve
|
| 245 |
1 |
0 |
|a Wireless networking technology :
|b from principles to successful implementation /
|c Steve Rackley.
|
| 260 |
|
|
|a Amsterdam :
|b Elsevier, Newnes,
|c 2007
|
| 300 |
|
|
|a ix, 413 σ. :
|b εικ.
|
| 500 |
|
|
|a Περιλαμβάνει ευρετήριο.
|
| 650 |
1 |
0 |
|a Wireless communication systems
|
| 710 |
0 |
|
|a Elsevier / Newnes
|
| 942 |
|
|
|2 ddc
|
| 952 |
|
|
|0 0
|1 0
|2 ddc
|4 0
|6 621_384000000000000_RAC
|7 0
|9 262683
|a LISK-2
|b LISK-2
|c BSC
|d 2021-01-17
|e 24
|f 0
|g 0.00
|l 0
|o 621.384 RAC
|p 2430000007676
|r 2021-01-17 00:00:00
|t 1
|w 2021-01-17
|y BK15
|x 20140617 0 ΧΑΣΑΝΗ 1
|x GrPaTEI - Antirrio
|
| 952 |
|
|
|0 0
|1 0
|2 ddc
|4 0
|6 621_384000000000000_RAC
|7 0
|9 262684
|a LISK-2
|b LISK-2
|c BSC
|d 2021-01-17
|e 24
|f 0
|g 0.00
|l 0
|o 621.384 RAC
|p 2430000007677
|r 2021-01-17 00:00:00
|t 1
|w 2021-01-17
|y BK15
|x 20141010 0 ΧΑΣΑΝΗ 1
|x GrPaTEI - Antirrio
|
| 952 |
|
|
|0 0
|1 0
|2 ddc
|4 0
|6 621_384000000000000_RAC
|7 0
|9 262685
|a LISK-2
|b LISK-2
|c BSC
|d 2021-01-17
|e 24
|f 0
|g 0.00
|l 0
|o 621.384 RAC
|p 2430000007678
|r 2021-01-17 00:00:00
|t 1
|w 2021-01-17
|y BK15
|x 20140618 0 ΧΑΣΑΝΗ 1
|x GrPaTEI - Antirrio
|
| 952 |
|
|
|0 0
|1 0
|2 ddc
|4 0
|6 621_384000000000000_RAC
|7 0
|9 262686
|a LISK-2
|b LISK-2
|c BSC
|d 2021-01-17
|e 24
|f 0
|g 0.00
|l 0
|o 621.384 RAC
|p 2430000007679
|r 2021-01-17 00:00:00
|t 1
|w 2021-01-17
|y BK15
|x 20140618 0 ΧΑΣΑΝΗ 1
|x GrPaTEI - Antirrio
|
| 971 |
|
|
|a .b25708041
|b 15-04-20
|c 12-09-16
|
| 999 |
|
|
|c 151362
|d 151362
|